Most Spoken Austronesian Languages - Statistics

General Stats
  • This quiz has been taken 197 times
  • The average score is 6 of 10
Answer Stats
Answer % Correct
Malay
97%
Tagalog
89%
Indonesian
84%
Javanese
84%
Sundanese
73%
Cebuano
70%
Ilocano
46%
Madurese
35%
Hiligaynon
25%
Minangkabau
18%
No matching quizzes found
Score Distribution
Percent of People with Each Score
Percentile by Number Answered
Your Score History
You have not taken this quiz